zpět

Detail výsledku týmu

The Pub Praha 2 PO, Praha

Datum a čas kvízu

32 Celkem bodů Celkový počet nahraných bodů na tomto kvízu bez doplňovacích otázek.
5. Pořadí na kvízu Konečné umístění týmu na tomto kvízu.

Zaznamenané odpovědi

# Otázka Odpověď Body Výsledky
1. Ministr dopravy Vladimír Kreml... Francie 1
2. Kuriózní nehoda se stala na le... Do letounu narazila nezabržděná dodávka. 0
3. Jak se nazývá kapela, která re... Lake Malawi, Albert Černý 1
4. Čínská společnost Xiaomi přišl... v automatu 0
5. Kolik gólů padlo celkem v pond... 11 gólů 0
6. Kolik mandátů připadá v Evrops... 21 mandátů (Uznáváme tedy 20 až 22.) 1
7. Jak se jmenuje německý politik... Martin Schulz 1
8. Přiřaďte lídry kandidátek k je... 1C 2A 3D 4B 1
9. V některých evropských státech... D 0
10. Jedenatřicetiletý kandidát nov... Tinder 1